Rolling Sky - All Levels Quiz - 10 Year Anniversary Edition - Statistics

General Stats
  • This quiz has been taken 13 times
  • The average score is 28 of 63
Answer Stats
Hint Answer % Correct
Level 6: ★★★★☆☆ (Hard) Release Date: March 2, 2016 City
88%
Level 9: ★★★★★☆ (Very Hard) Release Date: August 19, 2016 E-Labyrinth
88%
Level 3: ★★★☆☆☆ (Normal) Release Date: January 20, 2016 Forest
88%
Level 2: ★★☆☆☆☆ (Easy) Release Date: January 20, 2016 Sky
88%
Level 5: ★★★★☆☆ (Hard) Release Date: January 20, 2016 Volcano
88%
Level 4: ★★★☆☆☆ (Normal) Release Date: January 20, 2016 Desert
75%
Level 1: ★★☆☆☆☆ (Very Easy) Release Date: January 20, 2016 Massif
75%
Level 7: ★★★★☆☆ (Hard) Release Date: May 24, 2016 Sci-Tech
75%
Level 10: ★★★★★☆ (Very Hard) Release Date: September 24, 2016 Castle in the Sky
63%
Bonus of Level 25: ★★ Dazzle
63%
Level 12: ★★★☆☆☆ (Normal) Release Date: November 1, 2016 Ghost Dance
63%
Level 11: ★★★★★☆ (Very Hard) Release Date: October 22, 2016 Halloween
63%
Special Bonus 1: ★☆☆☆☆☆ (Very Easy) Release Date: November 19, 2016 Illusion
63%
Level 8: ★★★★☆☆ (Hard) Release Date: July 8, 2016 Tetris
63%
Level 16: ★★★★★☆ 1UP
50%
Special EDM Level 1: ★★★ Release Date: July 7, 2018 Alone
50%
Level 14: ★★★★★☆ (Very Hard) Release Date: December 16, 2016 Christmas
50%
Level 27: ★★★★ Circus
50%
Level 17: ★★★★★☆ Cube
50%
Level 26: ★★★★★ Egypt
50%
Bonus Special EDM Level 2: ★★★ Release Date: August 24, 2018 Faded
50%
Level 29: ★★★★★★ (Extremely Hard) Release Date: September 27, 2018 Happy Birthday
50%
Bonus of Level 18: ★★☆☆☆☆ JOKER
50%
Bonus of Level 17: ★★★☆☆☆ Matrix
50%
Special Bonus 2: ★★★☆☆☆ (Normal) Release Date: December 31, 2016 Monody
50%
Level 25: ★★★★★☆ (Very Hard) Release Date: February 1, 2018 Neon
50%
Level 18: ★★★★★☆ Poker
50%
Special EDM Level 4: ★★★★ The Spectre
50%
Level 28: ★★★★★ World Cup
50%
Bonus of Level 16: ★☆☆☆☆☆ 8Bits
38%
Special EDM Level 3: ★★★★ Alone II
38%
Bonus Special EDM Level of Special EDM Level 1: ★★ Release Date: July 25, 2018 Alone Remix
38%
Bonus of Level 29: Anniversary
38%
Special Bonus 3: ★★★☆☆☆ (Normal) Release Date: February 25, 2017 Candy
38%
Level 13: ★★★★★☆ (Very Hard) Release Date: November 27, 2016 Deep Space
38%
Bonus Special EDM Level of Special EDM Level 2: ★★★ Release Date: September 7, 2018 Faded Remix
38%
Faster
38%
Level 15: ★★★☆☆☆ (Normal) Release Date: January 16, 2017 Kung Fu
38%
Level 22: ★★★★★☆ Midnight Carnival
38%
Level 20: ★★★★☆☆ Relics
38%
Bonus Special EDM Level of Special EDM Level 4: ★★★★★ The Spectre Remix
38%
Bonus of Level 24: ★☆☆☆☆☆ (Very Easy) Release Date: December 29, 2017 The Winter
38%
Christmas Gospel
25%
Tutorial Level: ★☆☆☆☆☆ (Very Easy) Release Date: January 13, 2018 Cloud
25%
Bonus of Level 27: ★ Clown Park
25%
Bonus of Level 20: ★★☆☆☆☆ Fairy Tale
25%
Bonus of Level 28: ★★ Football Field
25%
Gemini
25%
Golden Christmas
25%
Bonus of Level 22: ★★☆☆☆☆ Halloween Escape
25%
Level 30: ★★★★★★ (Extremely Hard) Release Date: October 25, 2018 Halloween Night
25%
Bonus of Level 21: ★☆☆☆☆☆ (Very Easy) Hoop Dream
25%
Level 23: ★★★★☆☆ Ignite
25%
Bonus of Level 23: ★★☆☆☆☆ Laser
25%
Bonus of Special EDM Level 3: ★★★★ Lost City
25%
Bonus of Level 19: ★★☆☆☆☆ Mental Rave
25%
Level 19: ★★★★☆☆ Reggae
25%
Skeleton Party
25%
Level 21: ★★★★★☆ Street Basketball
25%
Bonus of Level 26: ★ The Eye of Horus
25%
Tropical Tides
25%
Level 24: ★★★★★☆ (Very Hard) Release Date: December 17, 2017 Varying Christmas
25%
Spring Festival
13%
No matching quizzes found
Score Distribution
Percent of People with Each Score
Percentile by Number Answered
Your Score History
You have not taken this quiz